US States With The Most Brazilians - Statistics

General Stats
  • This quiz has been taken 41 times
  • The average score is 13 of 15
Answer Stats
Total State % Correct
65,220 California
100%
135,600 Florida
100%
38,000 New York
94%
17,300 Georgia
91%
143,570 Massachusetts
91%
21,900 Pennsylvania
88%
58,750 New Jersey
85%
9,570 Washington
85%
10,040 North Carolina
82%
30,630 Texas
82%
12,170 Virginia
82%
9,890 Illinois
76%
15,520 Maryland
76%
9,200 Michigan
74%
41,500 Connecticut
65%
No matching quizzes found
Score Distribution
Percent of People with Each Score
Percentile by Number Answered
Your Score History
You have not taken this quiz